Statistics for Top 48 TV Villains

Click here to take the quiz!

General Stats

  • This quiz has been taken 20 times
  • The average score is 13 of 48

Answer Stats

# Villain TV Show % Correct
1The JokerBatman: The Animated Series
100%
11Mr. BurnsThe Simpsons
83%
2SkeletorHe-Man and the Masters of the Universe
78%
8Sideshow BobThe Simpsons
72%
5ShredderTeenage Mutant Ninja Turtles
67%
36TomTom and Jerry
61%
18MegatronTransformers
61%
41GargamelThe Smurfs
56%
46BlutoPopeye the Sailor
50%
13CatwomanBatman: The Animated Series
50%
48PlanktonSpongeBob SquarePants
50%
40VenomSpider-Man: The Animated Series
44%
26Harley QuinnBatman: The Animated Series
39%
31Mojo JojoThe Powderpuff Girls
39%
25CellDragon Ball Z
28%
3Mumm-RaThundercats
28%
19The Ice KingAdventure Time
28%
32Majin BuuDragon Ball Z
28%
10FriezaDragon Ball Z
28%
43DarkseidJustice League Unlimited
22%
4Light YagamiDeath Note
22%
6VegetaDragon Ball Z
22%
30ApocalypseX-Men: Evolution
22%
9HIMThe Powderpuff Girls
22%
21Lady MedusaSoul Eater
17%
14Evil-LynHe-Man and the Masters of the Universe
17%
39ViciousCowboy Bebop
17%
7AkuSamurai Jack
17%
24Bill CipherGravity Falls
17%
23MegavoltDarkwing Duck
17%
12Johan LiebertMonster Anime
11%
33The MonarchThe Ventures Bros.
11%
35AmonLegend of Korra
11%
45Slade WilsonTeen Titans
11%
44Derek PowersBatman Beyond
11%
38AzulaThe Last Airbender
11%
42ChillaThunderCats
6%
47MelodiaSilverHawks
6%
15Takehito KoyasuSaint Seiya
6%
22GeistSaint Seiya: The Heated Battle of the Gods
6%
16Lil' SluggerParanoia Agent
6%
17AlberichSaint Seiya: The Hades Chapter
6%
29Dark BakuraYu-Gi-Oh!
6%
37VulturemanThunderCats
6%
28Lizard MistySaint Seiya
6%
34Perseus AlgolSaint Seiya
6%
20Pope AresSaint Seiya: The Hades Chapter - Inferno
6%
27Crow JamianSaint Seiya
6%

Score Distribution

Percentile by Number Answered

Percent of People with Each Score

Your Score History

You have not taken this quiz